书目信息 |
| 题名: |
中文版UG NX曲面造型完全学习手册
|
|
| 作者: | 鞠成伟 , 杨春兰 , 刘永玉 编著 | |
| 分册: | ||
| 出版信息: | 北京 清华大学出版社 2014 |
|
| 页数: | 331页 | |
| 开本: | 26cm | |
| 丛书名: | 完全学习手册 | |
| 单 册: | ||
| 中图分类: | TP122-62 , TH122 | |
| 科图分类: | ||
| 主题词: | 曲面--Qu Mian--机械设计--计算机辅助设计--应用软件--手册 , 机械设计 | |
| 电子资源: | ||
| ISBN: | 978-7-302-34929-7 | |
| 000 | 01384nam 2200325 450 | |
| 001 | 1676935017 | |
| 005 | 20141112084015.7 | |
| 010 | @a978-7-302-34929-7@dCNY55.00 | |
| 010 | @a978-7-89395-172-5@b光盘 | |
| 100 | @a20141112d2014 em y0chiy0120 ea | |
| 101 | 0 | @achi |
| 102 | @aCN@b110000 | |
| 105 | @aa z 000yy | |
| 106 | @ar | |
| 200 | 1 | @a中文版UG NX曲面造型完全学习手册@AZhong Wen Ban UG NX Qu Mian Zao Xing Wan Quan Xue Xi Shou Ce@f鞠成伟, 杨春兰, 刘永玉编著 |
| 210 | @a北京@c清华大学出版社@d2014 | |
| 215 | @a331页@c图@d26cm@e光盘1片 | |
| 225 | 2 | @a完全学习手册@AWan Quan Xue Xi Shou Ce |
| 330 | @a本书讲解的是UG NX8.5版本曲面造型设计模块。全书由12章组成,包含了曲线造型、曲面造型、曲面分析和实例应用等方面的内容,并提供了大量的实例增强了实际的操作性。本书以通俗易懂的文字、图片,全面、系统、由浅入深的讲解可以使读者在短时间内掌握曲面设计知识。 | |
| 333 | @a本书可作为航空航天、汽车、电子、机械设计、数控加工、模具制造等领域UGNX技术人员的自学指导书,也可以作为相关院校师生的教材及培训用书。 | |
| 410 | 0 | @12001 @a完全学习手册 |
| 606 | 0 | @a曲面@AQu Mian@x机械设计@x计算机辅助设计@x应用软件@j手册 |
| 606 | 0 | @a机械设计 |
| 690 | @aTP122-62@v5 | |
| 690 | @aTH122@v4 | |
| 701 | 0 | @a鞠成伟@AJu Cheng Wei@4编著 |
| 701 | 0 | @a杨春兰@AYang Chun Lan@4编著 |
| 701 | 0 | @a刘永玉@ALiu Yong Yu@4编著 |
| 801 | 0 | @aCN@b江苏新华@c20150511 |
| 905 | @aBZT@dTH122@e292 | |
| 中文版UG NX曲面造型完全学习手册/鞠成伟, 杨春兰, 刘永玉编著.-北京:清华大学出版社,2014 |
| 331页:图;26cm+光盘1片.-(完全学习手册) |
| 使用对象:本书可作为航空航天、汽车、电子、机械设计、数控加工、模具制造等领域UGNX技术人员的自学指导书,也可以作为相关院校师生的教材及培训用书。 |
| ISBN 978-7-302-34929-7:CNY55.00 |
| 本书讲解的是UG NX8.5版本曲面造型设计模块。全书由12章组成,包含了曲线造型、曲面造型、曲面分析和实例应用等方面的内容,并提供了大量的实例增强了实际的操作性。本书以通俗易懂的文字、图片,全面、系统、由浅入深的讲解可以使读者在短时间内掌握曲面设计知识。 |
| ● |
| 相关链接 |
|
|
|
正题名:中文版UG NX曲面造型完全学习手册
索取号:TH122/292
 
预约/预借
| 序号 | 登录号 | 条形码 | 馆藏地/架位号 | 状态 | 备注 |
| 1 | 800927 | 2000800927 | 第二书库/ [索取号:TH122/292] | 在馆 | |
| 2 | 800928 | 2000800928 | 第二书库/ [索取号:TH122/292] | 在馆 | |
| 3 | 800929 | 2000800929 | 第二书库/ [索取号:TH122/292] | 在馆 |